000 00601nam a22002177a 4500
005 20170114104957.0
008 170110b xxu||||| |||| 00| 0 eng d
020 _a9780801476013
_c2044
040 _beng
041 _aEnglish
082 _a193
_bHAB-ING
100 _aIngram, David
245 _aHabermas
_bIntroduction and analysis
_cDavid Ingram
260 _aIthaca and London
_bCornell University Press
_c2010
300 _axvii,360p
_b24 cm
504 _aIncludes index
600 _aHabermas, Jurgen
_d1929-
650 _aSocial Sciences
_vPhilosophy
850 _aLCLIB
_bPG
942 _cBK
999 _c40829
_d91308